Dynamical systems (Record no. 4411)

MARC details
000 -LEADER
fixed length control field 00530 a2200169 4500
000 - LEADER
fixed length control field BKB
001 - CONTROL NUMBER
control field 071055
005 - DATE AND TIME OF LATEST TRANSACTION
control field 20200902150921.0
008 - FIXED-LENGTH DATA ELEMENTS--GENERAL INFORMATION
fixed length control field
082 ## - DEWEY DECIMAL CLASSIFICATION NUMBER
Classification number 531.11
Item number K85D
100 1# - MAIN ENTRY--PERSONAL NAME
Personal name Krabs, Werner
245 1# - TITLE STATEMENT
Title Dynamical systems
Statement of responsibility, etc by Werner Krabs and Stefan Pickl
260 ## - PUBLICATION, DISTRIBUTION, ETC. (IMPRINT)
Place of publication, distribution, etc New York
Name of publisher, distributor, etc Springer
Date of publication, distribution, etc 2010
300 ## - PHYSICAL DESCRIPTION
Extent 237p.
690 ## - LOCAL SUBJECT ADDED ENTRY--TOPICAL TERM (OCLC, RLIN)
Topical term or geographic name as entry element Differentiable dynamical systems; Dynamics; Chaotic behavior in systems; Dynamics--Mathematical models
700 ## - ADDED ENTRY--PERSONAL NAME
Personal name Pickl, Stefan
Numeration
Titles and other words associated with a name
Holdings
Withdrawn status Lost status Damaged status Not for loan Home library Current library Date acquired Cost, normal purchase price Total Checkouts Full call number Barcode Date last seen Price effective from Koha item type
        Central University Of Rajasthan Central University Of Rajasthan 07/03/2012 6197.90   531.11 K85D 5342 21/11/2024 02/09/2020 Books